000 00289nam a22001337a 4500
008 170908b xxu||||| |||| 00| 0 eng d
020 _a2901589481496
041 _aeng
080 _a91
100 _a42
101 _aGJEO
245 _aUNDERSTANDING PLACE
_cSINTON,D.S
942 _2udc
_cBK
999 _c26892
_d26892